Statistics for American TV Catchphrases #2

Click here to take the quiz!

General Stats

  • This quiz has been taken 42,583 times
    (8,708 since last reset)
  • The average score is 12 of 20

Answer Stats

CatchphraseShow% Correct
Yabba dabba do!The Flintstones
91%
I'd like to buy a vowelWheel of Fortune
83%
And the survey saysFamily Feud
78%
You're firedThe Apprentice
78%
Come on down!The Price is Right
78%
Bazinga!The Big Bang Theory
72%
Marcia, Marcia, Marcia!The Brady Bunch
65%
That's what she saidThe Office
62%
You wouldn't like me when I'm angryThe Incredible Hulk
59%
Giggity giggity gooFamily Guy
58%
You are the ________ ____. Goodbye.Weakest Link
53%
Did I do that?Family Matters
51%
Here's Johnny!The Tonight Show
51%
One of these days Alice,
straight to the Moon!
The Honeymooners
49%
You got some 'splainin' to doI Love Lucy
47%
Danger, Will Robinson!Lost in Space
43%
I have the power!Masters of the
Universe
40%
Cut. It. Out.Full House
39%
I love it when a plan comes togetherThe A-Team
34%
Happy Happy, Joy Joy!Ren & Stimpy
33%

Score Distribution

Percentile by Number Answered

Percent of People with Each Score

Your Score History

You have not taken this quiz since the last reset